00181nam a2200073Ia 4500008004100000100001700041245002700058260002200085170817s9999 xx 000 0 und d aHICK JOHN H. 0aPHILOSOPHY OF RELIGION bPEARSON EDUCATION